| 000 | 00348nam a2200145Ia 4500 | ||
|---|---|---|---|
| 005 | 20251222144623.0 | ||
| 008 | 251222s9999||||xx |||||||||||||| ||spa|| | ||
| 020 | _a978-84-7490-881-7 | ||
| 082 | _a268.3/B19 | ||
| 100 | _aBalthasar, Hans Urs Von | ||
| 245 | 0 | _aLa Oración Contemplativa | |
| 250 | _a3a.ed. | ||
| 264 | _bEncuentro | ||
| 942 | _cLIB | ||
| 999 |
_c16011 _d16011 |
||